[Event "BAN-chB 41st"]
[Site "Dhaka"]
[Date "2015.10.20"]
[Round "6"]
[White "Ratan, Ali"]
[Black "Shahidul, Islam"]
[Result "1-0"]
[WhiteElo "1961"]
[BlackElo "1773"]
[PlyCount "21"]
[EventDate "2015.10.15"]
[EventType "swiss"]
[EventRounds "11"]
[EventCountry "BAN"]
[SourceTitle "CBM 169 Extra"]
[Source "ChessBase"]
[SourceDate "2015.12.18"]
[SourceVersion "1"]
[SourceVersionDate "2015.12.18"]
[SourceQuality "1"]

1. f4 d6 2. d4 b6 3. Nf3 Bb7 4. e3 e6 5. Bd3 Nd7 6. 0-0 g6 7. Qe2 Bg7 8. c3 Ngf6 9. Nbd2 0-0 10. e4 c5 11. e5 1-0